| 000 | 01086cam a22002773a 4500 | ||
|---|---|---|---|
| 001 | 1961 | ||
| 003 | PGUSA | ||
| 005 | 20140828083008.0 | ||
| 008 | 991101s1999||||xxu|||||s|||||000 | eng d | ||
| 040 |
_aPGUSA _beng |
||
| 042 | _adc | ||
| 050 | 4 | _aZ | |
| 100 | 1 |
_aLang, Andrew, _d1844-1912 |
|
| 245 | 1 | 0 |
_aBooks and Bookmen _h[electronic resource] / _cAndrew Lang |
| 260 |
_bProject Gutenberg, _c1999 |
||
| 505 | 0 | _aTo the Viscountess Wolseley -- Preface -- Elzevirs -- Ballade of the Real and Ideal -- Curiosities of Parish Registers -- The Rowfant Books -- To F. L. -- Some Japanese Bogie-books -- Ghosts in the Library -- Literary Forgeries -- Bibliomania in France -- Old French Title-pages -- A Bookman's Purgatory -- Ballade of the Unattainable -- Lady Book-lovers. | |
| 506 | _aPublic domain in the USA. | ||
| 516 | _aElectronic text | ||
| 653 | _aBibliomania | ||
| 653 | _aLiterary forgeries and mystifications | ||
| 653 | _aBooks | ||
| 653 | _aBook collecting | ||
| 830 | 0 |
_aProject Gutenberg _v1961 |
|
| 856 | 4 | 0 | _uhttp://www.gutenberg.org/ebooks/1961 |
| 942 | _cEB | ||
| 999 |
_c231303 _d231303 |
||